|
|
|
|
| LEADER |
00962nam a2200217 a 4500 |
| 001 |
GR-MES243 |
| 008 |
991111s1985 gw 000 b ger d |
| 020 |
|
|
|a 3489625161
|
| 040 |
|
|
|a GrPaTEI
|b gre
|c GR-PaULI
|
| 245 |
0 |
0 |
|a Grundlagen der fischpathologie :
|b Mit einer einfuhrung in die anatomie, physiologie, pathophysiologie und immunologie sowie in den aquatischen lebensraum der knochenfische.
|
| 260 |
|
|
|a Berlin :
|b Verlag Paul Parey,
|c 1985
|
| 300 |
|
|
|a 425σελ. :
|b εικ.,πιν.
|
| 504 |
|
|
|a Βιβλιογραφία: 368-407
|
| 650 |
|
4 |
|a Ψάρια-Ασθένειες
|
| 650 |
|
4 |
|a Ψάρια-Παθολογία
|
| 700 |
1 |
|
|a Roberts, Ronald J.
|
| 710 |
0 |
|
|a Verlag Paul Parey
|
| 942 |
|
|
|2 ddc
|
| 952 |
|
|
|0 0
|1 0
|2 ddc
|4 0
|6 597_000000000000000_ROB
|7 0
|9 263496
|a MSLG
|b MSLG
|c BSC
|d 2021-01-17
|e 24
|f 0
|g 0.00
|l 0
|o 597 ROB
|p 2420000000796
|r 2021-01-17 00:00:00
|t 1
|w 2021-01-17
|y BK15
|x 19991111 0 1
|x GrPaTEI
|
| 971 |
|
|
|a .b25712846
|b 15-04-20
|c 13-09-16
|
| 999 |
|
|
|c 151680
|d 151680
|